Szczegóły MARC21

Location theory and decision analysis : analytics of spatial information technology /

005 -DATA I CZAS OSTATNIEJ MODYFIKACJI [,]
    • @
    • pole kontrolne
    • 20120831140936.0
020 -Międzynarod. znormalizowany nr książki - ISBN [ , ]
    • a
    • Numer ISBN
    • 9783642156625 Find
020 -Międzynarod. znormalizowany nr książki - ISBN [ , ]
    • a
    • Numer ISBN
    • 9783642156632 (eISBN) Find
040 -Instytucja sporządzająca opis [ , ]
    • a
    • Instytucja, która sporządziła opis (NP)
    • SZCZ U/DL
    • c
    • Instytucja, która sporządziła rekord (NP)
    • SZCZ U/DL
    • d
    • Instytucja, która zmodyfikowała rekord (P)
    • SZCZ U/AP
041 -Język dokumentu [0, ]
    • a
    • Język tekstu (P)
    • angielski
044 -Kraj miejsca wydania [ , ]
    • a
    • Kraj miejsca wydania
    • Niemcy
942 -Rodzaj dokumentu [ , ]
    • c
    • Rodzaj dokumentu
    • Książka
100 -Hasło główne - nazwa osobowa [1, ]
    • 9
    • KHW
    • 45835
    • a
    • Nazwa osobowa (NP)
    • Chan, Yupo.
245 -Strefa tytułu i oznaczenia odpowiedzialności [1,0]
    • a
    • Tytuł
    • Location theory and decision analysis : Find
    • b
    • Ciąg dalszy tytułu (NP)
    • analytics of spatial information technology / Find
    • c
    • Pozostałe elementy strefy tytułu i oznaczenia odpowiedzialności (NP)
    • Yupo Chan.
250 -Strefa wydania [ , ]
    • a
    • Oznaczenie wydania (NP)
    • 2nd ed.
260 -Strefa adresu wydawniczego [ , ]
    • a
    • Miejsce wydania (P)
    • Heidelberg :
    • b
    • Nazwa wydawcy (P)
    • Springer Verlag,
    • c
    • Data wydania (P)
    • cop. 2011.
300 -Strefa opisu fizycznego [ , ]
    • a
    • Określenie formy książki i/lub objętość (NP)
    • XXXIII, 701 s. :
    • b
    • Oznaczenie ilustracji (NP)
    • il. :
    • c
    • Format (NP)
    • 27 cm +
    • e
    • Oznaczenie dokumentu towarzyszącego (NP)
    • CD-ROM.
500 -Uwaga ogólna [ , ]
    • a
    • Uwaga ogólna (NP)
    • Included as part of part of the book, a CD-ROM contains self-standing computer programs that run on any PC.
504 -Uwaga dot. bibliogr. załącznikowej [ , ]
    • a
    • Uwaga dot. bibliografii załącznikowej
    • Bibliogr. Ind.
080 -Uniwersalna Klasyfikacja Dziesiętna [ , ]
    • 2
    • Identyfikator wydania tablic
    • UDC-P058
    • 9
    • UKD
    • 5993
    • a
    • Symbol klasyfikacji
    • 711
    • b
    • Dopowiedzenie
    • Planowanie przestrzenne. Planowanie regionalne. Planowanie miast i wsi. Sztuka organizowania przestrzeni.
    • 4
    • UKD2
    • 7665
    • x
    • Poddział wspólny
    • (075.8)
    • c
    • Dopowiedzenie poddz. wspólnego
    • (Podręczniki dla szkół wyższych. Skrypty).
    • 4
    • UKD2
    • 7644
    • x
    • Poddział wspólny
    • =111
    • c
    • Dopowiedzenie poddz. wspólnego
    • =Język angielski.
080 -Uniwersalna Klasyfikacja Dziesiętna [ , ]
    • 2
    • Identyfikator wydania tablic
    • UDC-P058
    • 9
    • UKD
    • 3063
    • a
    • Symbol klasyfikacji
    • 332.1
    • b
    • Dopowiedzenie
    • Gospodarka regionalna. Gospodarka terytorialna. Gospodarka terenowa. Ekonomika regionalna. Regionalny podział pracy.
    • 4
    • UKD2
    • 7665
    • x
    • Poddział wspólny
    • (075.8)
    • c
    • Dopowiedzenie poddz. wspólnego
    • (Podręczniki dla szkół wyższych. Skrypty).
    • 4
    • UKD2
    • 7644
    • x
    • Poddział wspólny
    • =111
    • c
    • Dopowiedzenie poddz. wspólnego
    • =Język angielski.
080 -Uniwersalna Klasyfikacja Dziesiętna [ , ]
    • 2
    • Identyfikator wydania tablic
    • UDC-P058
    • 9
    • UKD
    • 4077
    • a
    • Symbol klasyfikacji
    • 519.86
    • b
    • Dopowiedzenie
    • Teoria modeli matematycznych. Modele sterowania ekonomicznego.
    • 4
    • UKD2
    • 7665
    • x
    • Poddział wspólny
    • (075.8)
    • c
    • Dopowiedzenie poddz. wspólnego
    • (Podręczniki dla szkół wyższych. Skrypty).
    • 4
    • UKD2
    • 7644
    • x
    • Poddział wspólny
    • =111
    • c
    • Dopowiedzenie poddz. wspólnego
    • =Język angielski.
980 -Symbol UKD [ , ]
    • a
    • UKD
    • 711:332.1:519.86](075.8)=111
920 -ISBN [ , ]
    • a
    • ISBN
    • 978-3-642-15662-5 Find
920 -ISBN [ , ]
    • a
    • ISBN
    • 978-3-642-15663-2 (e-ISBN) Find
Sygnatura Numer inwentarzowy Status udost. Lokalizacja Data inwentaryzacji
T.12080T.12080-2T2012-08-23